000 00530nam a2200169 i 4500
001 24314
003 ES-MaACL
005 20230906153026.0
007 t|
008 021217s1921 fr ||||1| fre d
100 1 _aAntoine, Ch.
_921910
245 1 0 _aCours d'Economie sociale /
_cCh. Antoine ; sixiéme edition mise a jour par Henri du Passage.
260 _aParís :
_b[s.n.,
_c1921] (
_eSaint-Denis :
_fImp. J. Dardaillon)
300 _aX, 776 p. ;
_c24 cm.
700 1 _aPassage, Henri de.
_989438
852 _aES-MaACL
_jF-3267
999 _c24314
_d24314